Statistics for Country Sounds

Click here to take the quiz!

General Stats

  • This quiz has been taken 20 times
  • The average score is 25 of 27

Answer Stats

HintAnswer% Correct
Bots Want ABotswana
100%
Can Add ACanada
100%
Fran SeeFrance
100%
I RanIran
100%
Mad a Gasp ScarMadagascar
100%
Mex RicoMexico
100%
Micron Eek AMicronesia
100%
Monger Ollie AMongolia
100%
More ChoccoMorocco
100%
Most Sam BeakMozambique
100%
Parrot Give AwayParaguay
100%
Pole AndPoland
100%
Sawed E Array Bee ASaudi Arabia
100%
Tan Zany ATanzania
100%
Tong ATonga
100%
You CraneUkraine
100%
Ooze Beky StandUzbekistan
100%
More It ManiaMauritania
93%
Nick Car AguaNicaragua
93%
Sir it NameSuriname
93%
Toot valueTuvalu
93%
Chime aChina
87%
Pal LawPalau
87%
It ActuallyItaly
80%
Comb Or MostComoros
73%
PainSpain
73%
BizzareZaire
13%

Score Distribution

Percentile by Number Answered

Percent of People with Each Score

Your Score History

You have not taken this quiz